| 000 | 01307nam a2200337Ia 4500 | ||
|---|---|---|---|
| 001 | ebr10576329 | ||
| 003 | CaPaEBR | ||
| 006 | m u | ||
| 007 | cr cn||||||||| | ||
| 008 | 040915s2005 idua sb 001 0 eng d | ||
| 010 | _z 2004021719 | ||
| 020 | _z0870044443 | ||
| 020 | _z9780870044441 | ||
| 020 | _z9780870045233 | ||
| 040 |
_aCaPaEBR _cCaPaEBR |
||
| 035 | _a(OCoLC)844081371 | ||
| 050 | 1 | 4 |
_aHQ145.C6 _bW66 2005eb |
| 082 | 0 | 4 |
_a306.74/2/0978809034 _222 |
| 100 | 1 |
_aWommack, Linda, _d1958- |
|
| 245 | 1 | 0 |
_aOur ladies of the tenderloin _h[electronic resource] : _bColorado's legends in lace / _cby Linda R. Wommack. |
| 260 |
_aCaldwell, Idaho : _bCaxton Press, _c2005. |
||
| 300 |
_axv, 174 p. : _bill. |
||
| 504 | _aIncludes bibliographical references and index. | ||
| 533 |
_aElectronic reproduction. _bPalo Alto, Calif. : _cebrary, _d2011. _nAvailable via World Wide Web. _nAccess may be limited to ebrary affiliated libraries. |
||
| 650 | 0 |
_aProstitution _zColorado _xHistory. |
|
| 650 | 0 |
_aFrontier and pioneer life _zColorado. |
|
| 651 | 0 |
_aColorado _xHistory _y19th century. |
|
| 655 | 7 |
_aElectronic books. _2local |
|
| 710 | 2 | _aebrary, Inc. | |
| 856 | 4 | 0 |
_uhttp://site.ebrary.com/lib/rucke/Doc?id=10576329 _zAn electronic book accessible through the World Wide Web; click to view |
| 999 |
_c87942 _d87942 |
||